[Event "FRA-chT4 0506"]
[Site "France"]
[Date "2006.02.05"]
[Round "5"]
[White "Groshenny, Claude"]
[Black "Corchette, Fabien"]
[Result "0-1"]
[WhiteElo "2000"]
[BlackElo "1750"]
[PlyCount "94"]
[EventDate "2005.10.02"]
[EventType "team"]
[EventRounds "9"]
[EventCountry "FRA"]
[SourceTitle "EXT 2007"]
[Source "ChessBase"]
[SourceDate "2006.11.23"]
[SourceVersion "1"]
[SourceVersionDate "2006.11.23"]
[SourceQuality "1"]

1. d4 Nf6 2. c4 e6 3. Nf3 b6 4. a3 Bb7 5. e3 d6 6. Nc3 Nbd7 7. Bd3 Be7 8. b4 c5 9. 0-0 0-0 10. Bb2 e5 11. d5 Re8 12. b5 Nf8 13. g3 Bc8 14. Kg2 Bg4 15. Qc2 Qd7 16. Ng1 Bh5 17. Bf5 Qc7 18. f4 exf4 19. exf4 Bg6 20. Rae1 Qc8 21. Bxc8 Bxc2 22. Bb7 Rab8 23. Bc6 N8d7 24. Rf3 Bb3 25. Ne4 Bxc4 26. Nxf6+ Nxf6 27. Bxe8 Rxe8 28. Bxf6 gxf6 29. Rfe3 Kf8 30. Rd1 Bxb5 31. Nf3 f5 32. Kf2 Bf6 33. Rxe8+ Kxe8 34. h3 Kd7 35. g4 fxg4 36. hxg4 Bc4 37. Rd2 Ke8 38. Ke3 b5 39. Ke4 Kf8 40. Kf5 Be7 41. g5 a5 42. Ke4 Ke8 43. Rh2 Bb3 44. Ne1 b4 45. axb4 cxb4 46. Rb2 a4 47. Nd3 a3 0-1